Capoluoghi che iniziano con la S - Statistics

Statistiche generali
  • Questo quiz è stato fatto 93 volte
  • Il punteggio medio è 6 su 6
Statistiche sulle risposte
Popolazione (ab.) Regione Capoluogo % Corretto
126 930 Sardegna Sassari
100%
60 382 Liguria Savona
100%
133 597 Campania Salerno
99%
121 318 Sicilai Siracusa
99%
53 818 Toscana Siena
97%
21 558 Lombardia Sondrio
92%
Nessun quiz corrispondente trovato
Distribuzione punteggi
Percentuale di utenti per punteggio
Percentile per numero di risposta
I tuoi punteggi nel tempo
Non hai fatto questo quiz